000
00285nam a22001457a 4500
003
SGT
082
_a
611
_b
M06S
100
_a
SADLER, T.W.
245
_a
LANGMAN'S MEDICAL EMBRIOLOGY
250
_a
12
260
_c
2006
300
_a
384
650
_a
HUMAN ANATOMY
942
_2
ddc
_c
BK
999
_c
32760
_d
32760